Guide du médecin praticien ou Résume général de pathologie interne et de thérapeutique appliquées / (Record no. 166938)
[ view plain ]
| 000 -LEADER | |
|---|---|
| campo de control de longitud fija | 01068nam a22002175i 4500 |
| 001 - NÚMERO DE CONTROL | |
| campo de control | 166938 |
| 003 - IDENTIFICADOR DE NÚMERO DE CONTROL | |
| campo de control | ES-MaACL |
| 005 - FECHA Y HORA DE LA ÚLTIMA TRANSACCIÓN | |
| campo de control | 20250929063246.0 |
| 008 - DATOS DE LONGITUD FIJA--INFORMACIÓN GENERAL | |
| campo de control de longitud fija | 050921m18601861fr | |||||||| ||spa d |
| 040 ## - FUENTE DE CATALOGACIÓN | |
| Centro catalogador/agencia de origen | CAM |
| Lengua de catalogación | spa |
| Centro/agencia transcriptor | CAM |
| 100 1# - ENTRADA PRINCIPAL--NOMBRE DE PERSONA | |
| Nombre de persona | Valleix, François-Louis-Isidore, |
| Fechas asociadas al nombre | 1807-1855 |
| 9 (RLIN) | 133519 |
| 245 10 - MENCIÓN DEL TÍTULO | |
| Título | Guide du médecin praticien ou Résume général de pathologie interne et de thérapeutique appliquées / |
| Mención de responsabilidad, etc. | par F.-L.-I. Valleix. |
| 250 ## - MENCION DE EDICION | |
| Mención de edición | 4e éd. rev., aug. et contenant le résumé des travaux les plus récents / par V.-A. Racle, P. Lorain. |
| 260 ## - PUBLICACIÓN, DISTRIBUCIÓN, ETC. | |
| Lugar de publicación, distribución, etc. | Paris [etc.] : |
| Nombre del editor, distribuidor, etc. | J.-B. Baillière et fils [etc.], |
| Fecha de publicación, distribución, etc. | 1860-1861 ( |
| Fabricante | Imprimerie de L. Martinet) |
| 300 ## - DESCRIPCIÓN FÍSICA | |
| Extensión | 5 v. ; |
| Dimensiones | 22 cm. |
| 597 ## - NOTA DE DESCRIPCIÓN FÍSICA | |
| NOTA DE DESCRIPCIÓN FÍSICA | T.I (XVI, 918 p.) - T.II (828 p.) - T.III (888 p.) - T.IV (859 p.) - T.V (768 p.) |
| 650 07 - PUNTO DE ACCESO ADICIONAL DE MATERIA--TÉRMINO DE MATERIA | |
| Término de materia o nombre geográfico como elemento de entrada | Medicina |
| Fuente del encabezamiento o término | embne |
| 9 (RLIN) | 14891 |
| 700 1# - ENTRADA AGREGADA--NOMBRE PERSONAL | |
| Nombre de persona | Racle, V.-A., |
| Término indicativo de función/relación | |
| 9 (RLIN) | 233482 |
| 852 ## - LOCALIZACIÓN | |
| Ubicación | ES-MaACL |
| Número de control de estantería | G-14965-69 |
| Nota libre | -- Enc. hol. |
| -- | -- Enc. con el t.V, 48 p. del "Catalogue des livres de médecine ... J.-B. Baillière et fils", 1862 |
| Estatus retirado | Estado de pérdida | Estado de daño | No para préstamo | Colección | Biblioteca de origen | Biblioteca actual | Ubicación en estantería | Fecha de adquisición | Total de préstamos | Signatura topográfica completa | Código de barras | Visto por última vez | Precio de reemplazo | Tipo de ítem Koha |
|---|---|---|---|---|---|---|---|---|---|---|---|---|---|---|
| Libros del s. XIX | Biblioteca del Ateneo de Madrid | Biblioteca del Ateneo de Madrid | Sala Pecera Planta 3 | 17/01/2008 | G-14965-69 | 1175114 | 23/02/2023 | 23/02/2023 | Libro impreso antiguo |
